<?xml version="1.0" encoding="UTF-8"?>
<marc:record xmlns:marc="http://www.loc.gov/MARC21/slim">
   <marc:leader>00000nam a2200000 a 4500</marc:leader>
   <marc:datafield ind1="1" ind2=" " tag="100">
      <marc:subfield code="a">Bierbichler, Josef</marc:subfield>
   </marc:datafield>
   <marc:datafield ind1="1" ind2=" " tag="100">
      <marc:subfield code="a">Bierbichler, Josef</marc:subfield>
   </marc:datafield>
   <marc:datafield ind1="1" ind2=" " tag="100">
      <marc:subfield code="a">Hermann, Irm</marc:subfield>
   </marc:datafield>
   <marc:datafield ind1="1" ind2=" " tag="100">
      <marc:subfield code="a">Gedeck, Martina</marc:subfield>
   </marc:datafield>
   <marc:datafield ind1="1" ind2=" " tag="100">
      <marc:subfield code="a">Bierbichler, Josef</marc:subfield>
   </marc:datafield>
   <marc:datafield ind1="0" ind2="0" tag="245">
      <marc:subfield code="a">Zwei Herren im Anzug [Bildtonträger]</marc:subfield>
   </marc:datafield>
   <marc:datafield ind1="0" ind2="0" tag="245">
      <marc:subfield code="b">ein jahrhundert . eine Familie - drei Generationen ; ein Stück bayerische Geschichte</marc:subfield>
   </marc:datafield>
   <marc:datafield ind1="0" ind2="0" tag="245">
      <marc:subfield code="c">Regie: Josef Bierbichler. Mit Martina Gedeck, Irm Hermann, Josef Bierbichler ... Nach den Motiven des Romans "Mittelreich" von Josef Bierbichler</marc:subfield>
   </marc:datafield>
   <marc:datafield ind1=" " ind2="1" tag="264">
      <marc:subfield code="b">Warner Home Video</marc:subfield>
      <marc:subfield code="c">2019</marc:subfield>
   </marc:datafield>
   <marc:datafield ind1="1" ind2=" " tag="520">
      <marc:subfield code="a">Im Sommer des Jahres 1984 an einem bayerischen Gasthaus an einem See: Der Wirt und Bauer Pankraz und sein erwachsener Sohn Semi haben soeben Pankraz&#x91; Frau und Semis Mutter Theres  zu Grabe getragen, der Leichenschmaus ist vorbei, die letzten Gäste sind gegangen. Zusammen sitzen sie in ihrer Gaststätte und lassen, von den Umständen zur Gemeinsamkeit gezwungen, die Vergangenheit Revue passieren. Sie unterhalten sich über die beiden Weltkriege, über die Besatzung durch die Alliierten, über den geschäftlichen Aufschwung während der Wirtschaftswunderjahre, den Kalten Krieg und die Studentenunruhen. Dabei leisten ihnen zwei Herren im Anzug Gesellschaft, die Vater und Sohn zwar unbekannt sind, ihnen aber gleichwohl als Stichwortgeber dienen</marc:subfield>
   </marc:datafield>
   <marc:datafield ind1=" " ind2=" " tag="020">
      <marc:subfield code="a">5051890313898</marc:subfield>
      <marc:subfield code="9">5051890313898</marc:subfield>
   </marc:datafield>
   <marc:datafield ind1=" " ind2=" " tag="500">
      <marc:subfield code="a">Orig. : Deutschland 2018. Sprache: Deutsch (Dolby Digital 5.1). Untertitel: Deutsch (für Hörgeschädigte)</marc:subfield>
   </marc:datafield>
   <marc:datafield ind1="0" ind2=" " tag="490">
      <marc:subfield code="v">0</marc:subfield>
   </marc:datafield>
   <marc:datafield ind1=" " ind2=" " tag="300">
      <marc:subfield code="a">1 DVD (133 Min.) : farbig und s/w</marc:subfield>
   </marc:datafield>
</marc:record>
